MARC details
| 000 -CABECERA |
| campo de control de longitud fija |
02638nam a2200385 a 4500 |
| 001 - NÚMERO DE CONTROL |
| campo de control |
dia_358 |
| 003 - IDENTIFICADOR DEL NÚMERO DE CONTROL |
| campo de control |
CHAP |
| 005 - FECHA Y HORA DE LA ÚLTIMA TRANSACCIÓN |
| campo de control |
20260227101116.0 |
| 007 - CAMPO FIJO DE DESCRIPCIÓN FÍSICA--INFORMACIÓN GENERAL |
| campo de control de longitud fija |
ta |
| 008 - DATOS DE LONGITUD FIJA--INFORMACIÓN GENERAL |
| campo de control de longitud fija |
220117s1945 mx a frm a001 0 spa d |
| 010 ## - NÚMERO DE CONTROL DE LA BIBLIOTECA DEL CONGRESO |
| Número de control de LC |
170910 |
| 040 ## - FUENTE DE LA CATALOGACIÓN |
| Centro catalogador/agencia de origen |
mxchpua |
| Centro/agencia transcriptor |
CHAP |
| 041 0# - CÓDIGO DE LENGUA |
| Código de lengua del texto/banda sonora o título independiente |
spa |
| 090 ## - LOCALMENTE ASIGNADO TIPO-LC NÚMERO DE CLASIFICACIÓN (OCLC); NÚMERO DE CLASIFICACIÓN LOCAL (RLIN) |
| Número de clasificación (OCLC) (R) ; Numero de clasificación, CALL (RLIN) (NR) |
Tesis |
| Número cutter local (OCLC) ; Número de libro/Signatura topográfica íntegra, CALL (RLIN) |
A76 |
| año |
1941 |
| 100 1# - ENTRADA PRINCIPAL--NOMBRE DE PERSONA |
| Nombre de persona |
Arnais Gómez, José Luis |
| 245 13 - MENCIÓN DE TÍTULO |
| Título |
El control de fabricación en el ingenio ejidal Emiliano Zapata de Zacatepec, Mor. / |
| Mención de responsabilidad, etc. |
José Luis Arnais Gómez |
| 264 ## - PRODUCCIÓN, PUBLICACIÓN, DISTRIBUCIÓN, FABRICACIÓN Y COPYRIGHT |
| Producción, publicación, distribución, fabricación y copyright |
Chapingo, México : |
| Nombre del de productor, editor, distribuidor, fabricante |
El autor, |
| Fecha de producción, publicación, distribución, fabricación o copyright |
1941 |
| 300 ## - DESCRIPCIÓN FÍSICA |
| Extensión |
39 hojas : |
| Otras características físicas |
ilustraciones |
| 336 ## - TIPO DE CONTENIDO |
| Fuente |
rdacontent |
| Término de tipo de contenido |
texto |
| Código de tipo de contenido |
txt |
| 337 ## - TIPO DE MEDIO |
| Fuente |
rdamedia |
| Nombre/término del tipo de medio |
no mediado |
| Código del tipo de medio |
n |
| 338 ## - TIPO DE SOPORTE |
| Fuente |
rdacarrier |
| Nombre/término del tipo de soporte |
volumen |
| Código del tipo de soporte |
nc |
| 502 ## - NOTA DE TESIS |
| Nota de tesis |
Tesis |
| Tipo de título |
(Ingeniero Agrónomo Especialista en Industrias Agrícolas) : |
| -- |
(Ingeniero Agroindustrial) -- |
| Nombre de la institución que otorga el título |
ENA. Departamento de Industrias Agrícolas : |
| -- |
UACh. Departamento de Ingeniería Agroindustrial, |
| -- |
1945 |
| 520 ## - SUMARIO, ETC. |
| Sumario, etc. |
Seguramente que los deseos del Gobierno al instalar el Ingenio Ejidal Emiliano Zapata, en la Zona cañera del Estado de Morelos, fueron los de restaurar, en esa Región, todo el auge que interiormente tuvo la Industria del azúcar, corrigiendo los defectos en que se incurrió y que motivaron serios trastornos en las órdenes sociales y económicas. La corrección consistió en centralizar en un sólo Ingenio, la industrialización de toda la producción cañera que en épocas anteriores se dio una organización al trabajo del campo y de la fábrica, que permite por medio de la cooperativización de las labores, que los trabajadores obtengan todo al beneficio económico que la empresa rinda, en contraposición con el régimen capitalista que imperó en épocas anteriores a la revolución. Al realizarse este proyecto, no se escatimó esfuerzo ni gasto habiéndose hecho inversiones en la instalación del Ingenio, que ascendieron a la suma de $ 14,000.000.00, lo que ha significado que este primer Ingenio Ejidal, cuente con modernísimos equipos que lo colocan dentro de los primeros del mundo. |
| 650 13 - PUNTO DE ACCESO ADICIONAL DE MATERIA--TÉRMINO DE MATERIA |
| Término de materia o nombre geográfico como elemento de entrada |
Azucar de caña |
| Subdivisión general |
Fabricación |
| Fuente del encabezamiento o término |
atg |
| 650 13 - PUNTO DE ACCESO ADICIONAL DE MATERIA--TÉRMINO DE MATERIA |
| Término de materia o nombre geográfico como elemento de entrada |
Control de calidad |
| Fuente del encabezamiento o término |
atg |
| 650 13 - PUNTO DE ACCESO ADICIONAL DE MATERIA--TÉRMINO DE MATERIA |
| Término de materia o nombre geográfico como elemento de entrada |
Industria azucarera |
| Subdivisión geográfica |
México |
| -- |
Morelos |
| -- |
Zacatepec |
| Fuente del encabezamiento o término |
atg |
| 650 13 - PUNTO DE ACCESO ADICIONAL DE MATERIA--TÉRMINO DE MATERIA |
| Término de materia o nombre geográfico como elemento de entrada |
Cane sugar |
| Subdivisión general |
Manufacture and industry |
| Fuente del encabezamiento o término |
atg |
| 650 13 - PUNTO DE ACCESO ADICIONAL DE MATERIA--TÉRMINO DE MATERIA |
| Término de materia o nombre geográfico como elemento de entrada |
Quality control |
| Fuente del encabezamiento o término |
atg |
| 650 13 - PUNTO DE ACCESO ADICIONAL DE MATERIA--TÉRMINO DE MATERIA |
| Término de materia o nombre geográfico como elemento de entrada |
Sugar industry |
| Subdivisión geográfica |
Mexico |
| -- |
Morelos |
| -- |
Zacatepec |
| Fuente del encabezamiento o término |
atg |
| 856 40 - LOCALIZACIÓN Y ACCESO ELECTRÓNICOS |
| Identificador Uniforme del Recurso |
<a href="http://10.13.5.2/tesis/1941_ARNAIS_GOMEZ_JOSE_LUIS_Tesis.pdf">http://10.13.5.2/tesis/1941_ARNAIS_GOMEZ_JOSE_LUIS_Tesis.pdf</a> |
| Texto de enlace |
DESACRAGAR PDF |
| 901 ## - ELEMENTOS DE DATOS A LOCAL LDA (RLIN) |
| a |
TESIS A76 1941 |
| 942 ## - ELEMENTOS DE PUNTO DE ACCESO ADICIONAL (KOHA) |
| Tipo de ítem Koha |
TESIS |
| Fuente del sistema de clasificación o colocación |
Clasificación Universidad Autónoma Chapingo |
| 902 ## - ELEMENTOS DE DATOS B LOCAL, LDB (RLIN) |
| a |
M |
| 905 ## - ELEMENTOS DE DATOS E LOCAL, LDE (RLIN) |
| a |
5332271945 mx 8223123322spa16 |